Poistný trh na Slovensku je prevažne koncentrovaný

Podiel jednotlivých štátov na zahraničnom kapitáli v roku 2003. Umiestnenie prostriedkov technických rezerv poisťovní. Poistný trh na Slovensku je koncentrovaný /viac ako 61 percent poistného trhu ovládli dve poisťovne/, čo má vplyv na finančnú stabilitu v sektore poisťovníctva.

Gespeichert in:
Bibliographische Detailangaben
1. Verfasser: Kudláček, Peter
Format: Buchkapitel
Sprache:Slowakisch
Schlagworte:
Tags: Tag hinzufügen
Keine Tags, Fügen Sie das erste Tag hinzu!

MARC

LEADER 00000naa$a2200000$$$4500
001 0017611
005 20230918115515.7
041 0 |a slo 
044 |a SK 
245 1 0 |a Poistný trh na Slovensku je prevažne koncentrovaný  |c aut. Peter Kudláček 
520 |a Podiel jednotlivých štátov na zahraničnom kapitáli v roku 2003. Umiestnenie prostriedkov technických rezerv poisťovní. Poistný trh na Slovensku je koncentrovaný /viac ako 61 percent poistného trhu ovládli dve poisťovne/, čo má vplyv na finančnú stabilitu v sektore poisťovníctva. 
610 2 0 |a trh poistný 
610 2 0 |a Slovensko 
610 2 0 |a koncentrácia 
100 1 |a Kudláček, Peter